Records of the Zoological Survey of India: (Record no. 69310)
[ view plain ]
| 000 -LEADER | |
|---|---|
| fixed length control field | 00980nam a2200265 a 4500 |
| 001 - CONTROL NUMBER | |
| control field | 69310 |
| 003 - CONTROL NUMBER IDENTIFIER | |
| rucl marc code | BD-RjUL |
| 005 - DATE AND TIME OF LATEST TRANSACTION | |
| control field | 20211209081854.0 |
| 008 - FIXED-LENGTH DATA ELEMENTS--GENERAL INFORMATION | |
| fixed length control field | 170410s1993 ii au 0 0eng d |
| 035 ## - SYSTEM CONTROL NUMBER | |
| System control number | (BD-RjUL)69521 |
| 040 ## - CATALOGING SOURCE | |
| Original cataloging agency | BD-RjUL |
| Language of cataloging | eng |
| Transcribing agency | BD-RjUL |
| Modifying agency | BD-RjUL |
| 041 ## - LANGUAGE CODE | |
| Language code of text/sound track or separate title | eng |
| 082 ## - DEWEY DECIMAL CLASSIFICATION NUMBER | |
| Edition number | 23 |
| Classification number | 590.7230954 |
| Author mark and year | REC 1993(VAS) |
| 245 00 - TITLE STATEMENT | |
| Title | Records of the Zoological Survey of India: |
| Remainder of title | Studies on crickets (Insecta:orthoptera:Gryllidae) of Northeast India / |
| Statement of responsibility, etc. | M. Vasanth ; Edited by Zoological Survey of India |
| 260 ## - PUBLICATION, DISTRIBUTION, ETC. (IMPRINT) | |
| Place of publication, distribution, etc. | Calcutta : |
| Name of publisher, distributor, etc. | Zoological Survey of India, |
| Date of publication, distribution, etc. | c1993. |
| 300 ## - PHYSICAL DESCRIPTION | |
| Pagination | vi, 178 p. : |
| Illustrations | ill. ; |
| Size | 25 cm. |
| 490 ## - SERIES STATEMENT | |
| Series statement | Occational paper ; |
| Volume/sequential designation | no. 132 |
| 504 ## - BIBLIOGRAPHY, ETC. NOTE | |
| Bibliography, etc | References: p.137-143 |
| 650 ## - SUBJECT ADDED ENTRY--TOPICAL TERM | |
| Topical term or geographic name as entry element | Crickets. |
| Geographic subdivision | India, Northeastern |
| 9 (RLIN) | 211901 |
| Topical term or geographic name as entry element | Zoology |
| General subdivision | Descriptive Research |
| Geographic subdivision | India |
| 9 (RLIN) | 234353 |
| 700 ## - ADDED ENTRY--PERSONAL NAME | |
| Personal name | Vasanth, M. |
| 710 ## - ADDED ENTRY--CORPORATE NAME | |
| Corporate name or jurisdiction name as entry element | Zoological Survey of India, ed. |
| 9 (RLIN) | 234351 |
| 830 ## - SERIES ADDED ENTRY--UNIFORM TITLE | |
| Uniform title | Occational paper ; |
| Volume number/sequential designation | no. 132 |
| 942 ## - ADDED ENTRY ELEMENTS (KOHA) | |
| Source of classification or shelving scheme | Dewey Decimal Classification |
| Koha item type | Books |
| Lost status | Source of classification or shelving scheme | Damaged status | Not for loan | Collection code | Permanent Location | Current Location | Shelving location | Date acquired | Source of acquisition | Cost, normal purchase price | Total Checkouts | Full call number | Date last seen | Copy number | Koha item type |
|---|---|---|---|---|---|---|---|---|---|---|---|---|---|---|---|
| Dewey Decimal Classification | Not For Loan | Rare Books | Central Library, University of Rajshahi | Central Library, University of Rajshahi | Rare Book Section | 15/05/1996 | Century Books, Rajshahi | 12.00 | RA 590.7230954 REC 1993(VAS) | 10/04/2017 | C-1 | Rare Books |